000 00478cam a2200181ua 4500
001 3473
008 111222n ii |||gr||||Z||||||asm
040 _cMAIN
082 _a780
100 _aSarma, Hemanta Kumar,
_eEditor.,
245 1 1 _aAsamiya lokagiti sanchayan
_ced. by Hemanta Kumar Sarma
250 _a2nd.
260 _aGuwahati:
_bBina Library,990.
300 _a262p:
_c23cm.
_a42p:
653 _aAsamese folksongs
653 _aAsamiya lokagiti sanchayan
942 _cBK
999 _c3316
_d3316